路線名 一覧クイズ 茨城県 - Statistics

General Stats
  • This quiz has been taken 288 times
  • The average score is 9 of 11
Answer Stats
事業者名 答え 区間 % Correct
JR東日本 常磐線 取手~大津港
100%
JR東日本 水戸線 友部~小田林
96%
JR東日本 水郡線 水戸~下野宮上菅谷~常陸太田
91%
JR東日本 鹿島線 潮来~鹿島サッカースタジアム
90%
JR東日本 東北本線(宇都宮線) 古河
88%
中小私鉄 常総線(関東鉄道) 取手~下館
84%
中小私鉄 竜ヶ崎線(関東鉄道) 佐貫~竜ヶ崎
77%
三セク-1 大洗鹿島線(鹿島臨海鉄道) 鹿島サッカースタジアム~水戸
77%
三セク-2 常磐新線・つくばエクスプレス線(首都圏新都市鉄道) 守谷~つくば
76%
三セク-3 湊線(ひたちなか海浜鉄道) 勝田~阿字ヶ浦
65%
三セク-4 真岡線(真岡鐵道) 下館~ひぐち
64%
No matching quizzes found
Score Distribution
Percent of People with Each Score
Percentile by Number Answered
Your Score History
You have not taken this quiz